| 000 | 01600nam a2200385 c 4500 | ||
|---|---|---|---|
| 999 |
_c167403 _d167403 |
||
| 003 | BLK | ||
| 005 | 20250122134150.0 | ||
| 008 | 180411b bul|||||r ||||||| ||bul|| | ||
| 010 | _aKNG00175205000 | ||
| 040 | _aBLK | ||
| 041 |
_aBUL _cBUL |
||
| 072 | 7 |
_2bullib _aК _xКраезнание |
|
| 080 |
_aЕнергийни системи в цялост. Електрически централи и подстанции. Електрификация _b621.311 _x(497.215) _z621.311(497.215) |
||
| 110 | 1 |
_aОбщинско стопанско предприятие за електроснабдяване на гр. Русе. Русе _92767 |
|
| 139 |
_aОбщинско стопанско предприятие за електроснабдяване на гр. Русе. Русе _bО 25 |
||
| 245 | 1 | 0 | _aОтчет на Общ. стопанско предприятие за електроснабдяване на гр. Русе за 1940 год. |
| 257 | _aBGR | ||
| 260 |
_c1941 _fРусе : Желязков |
||
| 300 |
_a34 с. _c27 см |
||
| 380 | _a62 | ||
| 650 | 4 |
_aЕлектроснабдяване _9154776 |
|
| 650 | 4 |
_aРусе - стопанско развитие _9275828 |
|
| 651 | 4 |
_aРусе _9179462 |
|
| 653 | _aелектроснабдяване | ||
| 653 | _aотчети | ||
| 659 | _aК | ||
| 852 | _aЦб ІІ 1660 | ||
| 852 | _a К 62/О-25 | ||
| 856 | 4 | _qpdf | |
| 856 | 4 | _qpdf | |
| 942 |
_cKNG _n0 _s1 _01 |
||
| 944 |
_aCR _c14.05.2015 _k30558 _lВаля Йорданова |
||
| 944 |
_aED _c27.07.2015 _kВаля_Йорданова |
||
| 999 | _d167403 | ||